=LDR 00000nam 2200000 4500 =001 INLIS000000000021091 =005 20230920021755 =035 ##$$a 0010-061300000021091 =008 230920###########################0###### =041 ##$$a Ind =082 ##$$a 290.095 985 2 =090 ##$$a 2x0.959 853, Bud =100 ##$$a Erni Budiwanti =245 1#$$a Islam Sasak wetu telu versus waktu lima /$c Dr. Erni Budiwanti =260 ##$$a Yogyakarta :$b LKis,$c 2000 =300 ##$$a xii, 388 halaman ; $c 21 cm$e Lain-lain =650 #4$$a Islam sasak =850 ##$$a NBPNMAT =020 ##$$a 979-8966-51-1 =084 ##$$a 290.095 985 2 ERN i =250 ##$$a 1 =500 ##$$a Biografi : halaman 388 =504 ##$$a Bibliografi : halaman 349-380 =990 ##$$a 00046345 =990 ##$$a 0001/BPAP-NTB/20142015 =990 ##$$a 0001/BPAP-NTB/20142015 =990 ##$$a 00046345